000 00851nam a22002897a 4500
001 BR8206270
003 BR-BrBNA
005 20230928091500.0
007 ta
008 230509b bl.||||| |||| 00| 0 por d
040 _aBR-BrBNA
_bpor
_cBiblioteca Nacional de Agricultura
041 _a(Por)
072 _aD10; E30
_b/G514
090 _ D10 BR8206270
100 1 _aAmaral, A.L.
100 1 _aFreire, Z.R.
110 1 _aSecretaria da Agricultura, Cuiaba, MT (Brasil)
_98365
245 1 _aProjeto de Implantacao dos Escritorios Regionais da Secretaria da Agricultura [Mato Grosso, Brasil]
260 3 _aCuiaba, MT (Brasil):
_c1982.
300 _a24 p.
500 _a11 tables
650 _aPROJETO DE DESENVOLVIMENTO
650 _aPLANEJAMENTO AGRICOLA
650 _aMATO GROSSO
909 _a202309
_bLucia
_c55
_dLucia Elande
942 _cBK
999 _c34054
_d34054